Statistics for Songs About Dancing

Click here to take the quiz!

General Stats

  • This quiz has been taken 41 times
  • The average score is 7 of 18

Answer Stats

ArtistSongLyric% Correct
ABBADancing QueenYoung and sweet Only seventeen
92%
Whitney HoustonI Wanna Dance with SomebodyI wanna feel the heat with somebody
89%
Bruce SpringsteenDancing in the DarkYou can't start a fire without a spark
78%
David BowieLet's DancePut on your red shoes and dance the blues
69%
Elton JohnTiny DancerBlue jean baby, L.A. lady, seamstress for the band
64%
Martha & The VandellasDancing in the StreetSummer's here and the time is right
53%
The DriftersSave the Last Dance for MeBut don't forget who's taking you home And in whose arms you're gonna be
39%
Van MorrisonMoondanceA fantabulous night to make romance 'Neath the cover of October skies
36%
The KinksCome DancingThat's where the big bands used to come and play My sister went there on a Saturday .....
33%
Billy IdolDancing With MyselfIf I had the chance I'd ask the world to dance .....
28%
King HarvestDancing in the MoonlightWhen that ol' moon gets-a big and bright It's a supernatural delight .....
25%
Loggins & MessinaYour Mama Don't Dance____ ____ ____ _____ and your daddy don't rock and roll
25%
The BeachboysDo You Wanna Dance__ ___ ____ __ _____ and hold my hand? Tell me baby I'm your lover man
19%
Sly & The Family StoneDance to the MusicAll we need is a drummer For people who only need a beat yeah
17%
Lee Ann WomackI Hope You DanceI hope you never lose your sense of wonder
17%
The BeatlesI'm Happy Just to Dance with YouIn this world there's nothing I would rather do "Cause __ _____ ____ __ _____ ____ ___
17%
Wilson PickettLand of 1000 DancesYou gotta know how to pony like Bony Maronie
14%
Led ZeppelinDancing DaysI got my flower, I got my power I got a woman who knows
11%

Score Distribution

Percentile by Number Answered

Percent of People with Each Score

Your Score History

You have not taken this quiz